Microbial biodegradation and bioremediation / (Record no. 16970)

MARC details
000 -LEADER
fixed length control field 00839nam a22002297a 4500
008 - FIXED-LENGTH DATA ELEMENTS--GENERAL INFORMATION
fixed length control field 081021t xxu||||| |||| 00| 0 eng d
010 ## - LCCN (DPL NO)
LC control number ENG-91403
020 ## - INTERNATIONAL STANDARD BOOK NUMBER
Terms of availability 90.00
International Standard Book Number 8185517746
035 ## - SYSTEM CONTROL NUMBER
System control number EN-74936
037 ## - SOURCE OF ACQUISITION
Source of stock number/acquisition DBAD / PUB
040 ## - CATALOGING SOURCE
Original cataloging agency dpl
Language of cataloging English
082 ## - DEWEY DECIMAL CLASSIFICATION NUMBER
Classification number 572.429
100 ## - MAIN ENTRY--PERSONAL NAME
Personal name Prabakaran, V.
245 ## - TITLE STATEMENT
Title Microbial biodegradation and bioremediation /
Statement of responsibility, etc by V. Prabakaran
260 ## - PUBLICATION, DISTRIBUTION, ETC. (IMPRINT)
Place of publication, distribution, etc Tamil Nadu
Name of publisher, distributor, etc Palani Paramount Publications
Date of publication, distribution, etc 2006
300 ## - PHYSICAL DESCRIPTION
Extent viii, 107p. :
Dimensions 20cm (pbk)
Other physical details ill.
500 ## - GENERAL NOTE
General note Includes references
650 ## - SUBJECT ADDED ENTRY--TOPICAL TERM
Topical term or geographic name as entry element Microbial metabolism
650 ## - SUBJECT ADDED ENTRY--TOPICAL TERM
Topical term or geographic name as entry element Biodegradation
942 ## - ADDED ENTRY ELEMENTS (KOHA)
Source of classification or shelving scheme Dewey Decimal Classification
Item type English Books
Call number suffix PRA
Classification part 572.429
Holdings
Withdrawn status Lost status Source of classification or shelving scheme Damaged status Not for loan Collection code Home library Current library Date acquired Source of acquisition Cost, normal purchase price Total Checkouts Full call number Barcode Date last seen Copy number Cost, replacement price Koha item type
    Dewey Decimal Classification   Not For Loan Non-fiction D.B.Act.Division D.B.Act.Division 21/10/2008 DBAD / PUB 90.00   572.429 PRA EN-74936 21/10/2008 1 90.00 English Books

© Delhi Public Library
Hit Counter
free hit counter